000
00288nam a2200121 a 4500
001
4140
005
20140414131925.0
008
090218s19uu xx 00 eng d
050
_a
ER
_b
D65 2003
100
_a
Willems, Mo
245
_a
Don't let the pigeon drive the bus!.
999
_c
111974
_d
111974